Every Cyclist's Guide to Canadian Law

Bibliographic Details
Main Author: Forcese, Craig
Other Authors: LaViolette, Nicole
Format: eBook
Language:English
Published: Toronto: Irwin Law Inc., 2014
Subjects:
Online Access:Acceso restringido

MARC

LEADER 00000nam a22000007a 4500
005 20210809235740.0
007 cr|||| ||||
008 210810s2014 ca |||||s|||| 00||0 eng d
020 |a 9781552213858 
035 |a 34930 
040 |a vLex 
090 |c 11951  |d 11951 
100 1 |a Forcese, Craig 
245 1 0 |a Every Cyclist's Guide to Canadian Law  |h [Recurso electrn̤ico] /  |c Craig Forcese, Nicole LaViolette 
256 |a Servicio en ln̕ea 
260 |a Toronto:  |b Irwin Law Inc.,  |c 2014 
300 |a 1 recurso electrn̤ico 
500 |a More Canadians are riding bicycles than ever before, but did you know that riding your bike in Canada is now almost as heavily regulated as driving your car? Whether you are one of more than 200,000 Canadians who commute by bike, the parent of a child with her first two-wheeler, a veteran racer, or a recreational rider, the chances are you will need this book. In Every Cyclist’s Guide to Canadian Law, Craig Forcese and Nicole LaViolette, both law professors and avid cyclists, provide a comprehensive overview of Canadian law for bicycles — covering rules of the road, purchasing and using bicycles, what to do in the case of an accident or a stolen bike, starting up your own cycling club, racing your bike, and much more. Accessibly written and often humorous, this book is written for those with little or no legal background. Using straightforward and jargon-free explanations, the authors include anecdotes and examples drawn from their own experiences as seasoned recreational and competitive cyclists. Every Cyclist’s Guide to Canadian Law will also provide an authoritative reference for lawyers, club directors, coaches, and sporting event planners. A portion of the proceeds from this book will go to Share the Road Cycling Coalition. 
506 1 |a Disponible solo en los productos indicados  |d vLex Global  |d vLex Global (Academic Edition, excluding Law Schools)  |d vLex Global (U.S. Academic Edition, Law Schools)  |d vLex Global (U.S. Academic Edition, excluding Law Schools)  |d vLex Global (Academic Edition, Law Schools) 
650 0 4 |a Transportes  |z Canad̀ 
700 1 |a LaViolette, Nicole 
740 0 |a vLex Libros (Servicio en ln̕ea) 
856 4 0 |u https://app.vlex.com/#/sources/34930  |z Acceso restringido 
942 |c BOOK 
999 0 |a Transportation